Gobierno (Registro nro. 18209)
[ vista simple ]
| 000 -LEADER | |
|---|---|
| fixed length control field | 00330 a2200121 4500 |
| 001 - CONTROL NUMBER | |
| control field | ART_13061 |
| 005 - DATE AND TIME OF LATEST TRANSACTION | |
| control field | 20260410161735.0 |
| 008 - FIXED-LENGTH DATA ELEMENTS--GENERAL INFORMATION | |
| fixed length control field | 260409a |
| 100 1# - MAIN ENTRY--PERSONAL NAME | |
| Personal name | Alemann, Roberto T. |
| 245 10 - TITLE STATEMENT | |
| Title | Gobierno |
| 700 1# - ADDED ENTRY--PERSONAL NAME | |
| Personal name | Botana, Natalio |
| 773 0# - HOST ITEM ENTRY | |
| Title | Ejecutivos de finanzas |
| Related parts | - Año 7, Nº 66 (jun. 1990) |
| Record control number | REV2863 |
No hay ítems disponibles.